Les societes d'economie mixte et l'amenagement du territoire
Сохранить в:
| Главный автор: | |
|---|---|
| Формат: | |
| Язык: | Undetermined |
| Опубликовано: |
Paris
Editions Berger-Levrault
1958
|
| Предметы: | |
| Метки: |
Добавить метку
Нет меток, Требуется 1-ая метка записи!
|
| Thư viện lưu trữ: | Trung tâm Học liệu Trường Đại học Cần Thơ |
|---|
| LEADER | 00514nam a2200181Ia 4500 | ||
|---|---|---|---|
| 001 | CTU_79914 | ||
| 008 | 210402s9999 xx 000 0 und d | ||
| 082 | |a 330.9 | ||
| 082 | |b G577 | ||
| 100 | |a Godchot, J. E. | ||
| 245 | 0 | |a Les societes d'economie mixte et l'amenagement du territoire | |
| 245 | 0 | |c J. E. Godchot | |
| 260 | |a Paris | ||
| 260 | |b Editions Berger-Levrault | ||
| 260 | |c 1958 | ||
| 650 | |a Economic condition | ||
| 904 | |i Trọng Hải | ||
| 980 | |a Trung tâm Học liệu Trường Đại học Cần Thơ | ||